Países por las dos primeras letras en 3 minutos - Estadísticas

Estadísticas generales
  • Esta prueba ha sido intentada 201 veces
  • La puntuación promedio es 177 de 196
Respuestas en el mapa
Las respuestas están codificadas por una escala verde-roja en el mapa de la prueba según el % correcto abajo.
 
Estadísticas de respuestas
País % Correcto
Arabia Saudita
100%
Argelia
100%
Argentina
100%
Armenia
100%
Brasil
100%
Brunéi
100%
Cabo Verde
100%
Camboya
100%
Camerún
100%
Canadá
100%
Catar
100%
Chad
100%
Chile
100%
China
100%
Chipre
100%
Colombia
100%
Comoras
100%
Corea del Norte
100%
Corea del Sur
100%
Costa de Marfil
100%
Costa Rica
100%
Eslovaquia
100%
Eslovenia
100%
España
100%
Estados Federados de Micronesia
100%
Estados Unidos
100%
Estonia
100%
Esuatini
100%
Islas Marshall
100%
Islas Salomón
100%
Macedonia del Norte
100%
Madagascar
100%
Malasia
100%
Malaui
100%
Maldivas
100%
Malí
100%
Malta
100%
Marruecos
100%
Mauricio
100%
Mauritania
100%
México
100%
Moldavia
100%
Mónaco
100%
Mongolia
100%
Montenegro
100%
Mozambique
100%
Países Bajos
100%
Pakistán
100%
Palaos
100%
Panamá
100%
Papúa Nueva Guinea
100%
Paraguay
100%
Perú
100%
República Centroafricana
100%
República Checa
100%
República del Congo
100%
República Democrática del Congo
100%
República Dominicana
100%
Bolivia
99%
Bosnia y Herzegovina
99%
Botsuana
99%
Líbano
99%
Liberia
99%
Libia
99%
Liechtenstein
99%
Lituania
99%
Polonia
99%
Portugal
99%
India
98%
Indonesia
98%
Lesoto
98%
Letonia
98%
Noruega
98%
Ruanda
98%
Rumanía
98%
Rusia
98%
Sudáfrica
98%
Sudán
98%
Sudán del Sur
98%
Suecia
98%
Suiza
98%
Surinam
98%
Australia
97%
Austria
97%
Irak
97%
Iran
97%
Irlanda
97%
Islandia
97%
Israel
97%
Reino Unido
97%
Venezuela
97%
Alemania
96%
Bélgica
96%
Belice
96%
Benín
96%
Dinamarca
96%
Francia
96%
Myanmar
96%
Túnez
96%
Turkmenistán
96%
Turquía
96%
Tuvalu
96%
Filipinas
95%
Finlandia
95%
Fiyi
95%
Guatemala
95%
Guinea
95%
Guinea-Bissau
95%
Guinea Ecuatorial
95%
Guyana
95%
Jamaica
95%
Japón
95%
Albania
93%
Bielorrusia
93%
Egipto
92%
Italia
92%
Nicaragua
92%
Níger
92%
Nigeria
92%
Uruguay
92%
Bulgaria
91%
Burkina Faso
91%
Burundi
91%
Bután
91%
Senegal
91%
Serbia
91%
Seychelles
91%
Ecuador
90%
Tailandia
90%
Taiwán
90%
Tanzania
90%
Tayikistan
90%
Cuba
89%
Samoa
89%
San Cristobal y Nieves
89%
San Marino
89%
Santa Lucía
89%
Santo Tomé y Príncipe
89%
San Vicente y las Granadinas
89%
Ucrania
89%
Andorra
88%
Angola
88%
Antigua y Barbuda
88%
Granada
88%
Grecia
88%
Nepal
88%
Kazajistán
87%
Vietnam
87%
Honduras
85%
Namibia
85%
Nauru
85%
Nueva Zelanda
85%
Sierra Leona
85%
Singapur
85%
Siria
85%
Bahamas
84%
Bangladés
84%
Barbados
84%
Bareín
84%
Laos
84%
Somalia
83%
Yemen
83%
Omán
82%
Kirguistán
80%
Kiribati
80%
Afganistán
78%
Hungría
77%
Kenia
76%
Ciudad del Vaticano
75%
El Salvador
75%
Croacia
74%
Togo
74%
Tonga
74%
Zambia
74%
Emiratos Árabes Unidos
71%
Eritrea
71%
Etiopía
71%
Haití
71%
Kosovo
71%
Georgia
70%
Sri Lanka
70%
Uzbekistán
70%
Jordania
65%
Vanuatu
64%
Zimbabue
64%
Gabón
63%
Gambia
63%
Azerbaiyán
61%
Uganda
60%
Kuwait
58%
Ghana
56%
Luxemburgo
52%
Timor Oriental
51%
Dominica
47%
Yibuti
47%
Trinidad y Tobago
39%
No se encontraron pruebas coincidentes
Distribución de puntuación
Porcentaje de gente con cada puntuación
Porcentaje por número respondido
Historial de tus puntuaciones
No has intentado esta prueba.